000 00662cam a22002051 4500
001 ca 17002487
003 DLC
005 20260227111104.0
008 870219s1895 cauaf 000 0 ger
010 _aca 17002487
035 _a(OCoLC)15213365
040 _aDLC
_cIHi
_dDLC
042 _apremarc
050 0 0 _aPF3117
_b.C65 1895
100 1 _aColby, W. Irving
_q(William Irving),
_d1852-1906.
245 1 4 _aDer leitstern.
_bAn advanced conversational book,
_cby W. Irving Colby.
260 _aOakland, Cal.,
_bW. Irving Colby;
_aSyracuse, N.Y.,
_bG.A. Mosher,
_c1895.
300 _a144 p.
_billus., plates (1 col.)
_c21 cm.
650 0 _aGerman language
_xReaders.
999 _c15179
_d15179